000 003680000a22001450004500
003 MACL
040 _aMACL
090 _c31810
_d31808
100 _aOperatons, Logical
245 _aPC Learning Labs teaches Microsoft Office Project 4.0 for window
260 _bBP B Publications
_c1995
350 _a150
650 _aComputer probraming
942 _cBOOK
_k005.368/Ope
999 _c31490
_d31490